| 000 | 00447nam a2200181Ia 4500 | ||
|---|---|---|---|
| 001 | 2054 | ||
| 005 | 20260306143814.0 | ||
| 008 | 260306t2022||||xx |||||||||||||| ||spa|| | ||
| 041 | _aESP | ||
| 082 |
_a611.8 _bM588A |
||
| 100 |
_aMtui, Estomih, _eAUT |
||
| 245 | 0 |
_aFitzgerald : _bneuroanatomía clínica y neurociencia |
|
| 260 | _c2022 | ||
| 300 |
_axv, 416 páginas : _c28 cm. |
||
| 650 | _aGEN | ||
| 654 | _aCCS | ||
| 942 |
_cLIB _dJUS _fJUS _2ddc _n |
||
| 999 |
_c2054 _d2054 |
||